Curso elemental de retórica y poética : (Record no. 152952)
[ view plain ]
| 000 -LEADER | |
|---|---|
| campo de control de longitud fija | 01132nam a22002775i 4500 |
| 001 - NÚMERO DE CONTROL | |
| campo de control | 152952 |
| 003 - IDENTIFICADOR DE NÚMERO DE CONTROL | |
| campo de control | ES-MaACL |
| 005 - FECHA Y HORA DE LA ÚLTIMA TRANSACCIÓN | |
| campo de control | 20250927134919.0 |
| 008 - DATOS DE LONGITUD FIJA--INFORMACIÓN GENERAL | |
| campo de control de longitud fija | 960201s1854 sp |||| | spa d |
| 040 ## - FUENTE DE CATALOGACIÓN | |
| Centro catalogador/agencia de origen | CLM |
| Lengua de catalogación | spa |
| Centro/agencia transcriptor | CCPB | SIC |
| 245 00 - MENCIÓN DEL TÍTULO | |
| Título | Curso elemental de retórica y poética : |
| Resto del título | retórica de Hugo Blair [y] poética de Sánchez : textos aprobados por el Real Consejo de Instrucción Pública, ordenados, corregidos y adicionados con un tratado de versificación castellana y latina / |
| Mención de responsabilidad, etc. | por Alfredo Adolfo Camus. |
| 250 ## - MENCION DE EDICION | |
| Mención de edición | 2ª ed. |
| 260 ## - PUBLICACIÓN, DISTRIBUCIÓN, ETC. | |
| Lugar de publicación, distribución, etc. | Madrid : |
| Nombre del editor, distribuidor, etc. | Librería de León Pablo Villaverde, |
| Fecha de publicación, distribución, etc. | 1854 |
| Fabricante | (Imp. de Julián Peña) |
| 300 ## - DESCRIPCIÓN FÍSICA | |
| Extensión | 270 páginas ; |
| Dimensiones | 21 cm. |
| 597 ## - NOTA DE DESCRIPCIÓN FÍSICA | |
| NOTA DE DESCRIPCIÓN FÍSICA | Signaturizado. |
| 597 ## - NOTA DE DESCRIPCIÓN FÍSICA | |
| NOTA DE DESCRIPCIÓN FÍSICA | Antep. |
| 650 04 - PUNTO DE ACCESO ADICIONAL DE MATERIA--TÉRMINO DE MATERIA | |
| Término de materia o nombre geográfico como elemento de entrada | Retórica. |
| 9 (RLIN) | 16882 |
| 650 04 - PUNTO DE ACCESO ADICIONAL DE MATERIA--TÉRMINO DE MATERIA | |
| Término de materia o nombre geográfico como elemento de entrada | Poética. |
| 9 (RLIN) | 16254 |
| 700 1# - ENTRADA AGREGADA--NOMBRE PERSONAL | |
| Nombre de persona | Blair, Hugh, |
| Fechas asociadas al nombre | 1718-1800 |
| 9 (RLIN) | 147920 |
| Término indicativo de función/relación | Autor |
| 700 1# - ENTRADA AGREGADA--NOMBRE PERSONAL | |
| Nombre de persona | Sánchez, Francisco, |
| Fechas asociadas al nombre | 1764-1819 |
| Término indicativo de función/relación | Autor |
| 9 (RLIN) | 147921 |
| 700 1# - ENTRADA AGREGADA--NOMBRE PERSONAL | |
| Nombre de persona | Camús, Alfredo Adolfo, |
| Fechas asociadas al nombre | 1797-1889 |
| 9 (RLIN) | 34362 |
| Término indicativo de función/relación | Editor literario |
| 852 ## - LOCALIZACIÓN | |
| Ubicación | ES-MaACL |
| Número de control de estantería | G-13025 |
| Ubicación en estantería | Sala Pecera Planta 3 |
| Encuadernación | Holandesa |
| 942 ## - ELEMENTOS DE ENTRADA SECUNDARIOS (KOHA) | |
| Fuente del sistema de clasificación o colocación | Clasificación decimal universal |
| Tipo de ítem Koha | Libro impreso antiguo |
| Suprimir en OPAC | No |
| Estatus retirado | Estado de pérdida | Estado de daño | No para préstamo | Colección | Biblioteca de origen | Biblioteca actual | Ubicación en estantería | Fecha de adquisición | Fuente de adquisición | Total de préstamos | Signatura topográfica completa | Código de barras | Visto por última vez | Precio de reemplazo | Tipo de ítem Koha |
|---|---|---|---|---|---|---|---|---|---|---|---|---|---|---|---|
| Libros del s. XIX | Biblioteca del Ateneo de Madrid | Biblioteca del Ateneo de Madrid | Sala Pecera Planta 3 | 17/01/2008 | G-13025 | 1159768 | 23/02/2023 | 23/02/2023 | Libro impreso antiguo |
